Top 15 most streamed Kanye West songs - Statistics

General Stats
  • This quiz has been taken 357 times
  • The average score is 8 of 15
Answer Stats
Rank Streams Songs % Correct
1. 1,394,493,645 Stronger
81%
8. 706,385,191 Runaway
80%
5. 1,057,927,388 Flashing Lights
72%
3. 1,139,557,955 Gold Digger
69%
2. 1,300,108,776 Heartless
68%
6. 940,709,874 Bound 2
65%
7. 931,262,187 POWER
65%
9. 702,385,210 I Wonder
63%
13. 632,706,703 All Falls Down
59%
4. 1,089,629,107 Father Stretch My Hands Pt. 1
59%
11. 673,390,727 All Of The Lights
55%
12. 666,128,960 Homecoming
47%
15. 607,526,884 Famous
25%
14. 609,430,261 Black Skinhead
18%
10. 701,301,603 I Love It
13%
No matching quizzes found
Score Distribution
Percent of People with Each Score
Percentile by Number Answered
Your Score History
You have not taken this quiz